00939nam a2200217 a 450000100100000000500170001000800410002702000150006804000250008310000260010824000930013424501390022726000320036630000210039849000340041950400730045370000320052683000410055895201050059999900170070400004314720201002040655.0140220d1997 sp 000 0 spa d a8448709020 aDO-SdBNPbspacBNPHU1 aDelumeau, Jean97070610aL'aveu et le pardon. Les difficultés de la confession. XIIIe-XVIII sièclelespañol13aLa Confesión y el Perdón :blas dificultades de la confesión siglo XIII a XVIII /cJean Delumeau ; traducción: Mauro Armiño. aBarcelona :bAltaya,c1997. a150 p. ;c22 cm.1 aGrandes obras de historiav54 aIncluye referencias bibliográficas y notas al pie de las páginas1 aArmiño, Mauroetr.913314 0aGrandes obras de historiav54970707 001050718MOaGRbGRcCTd2014-02-20iLF1l0o p43147-10r2020-06-25w2020-06-25y1ZNo se presta c42636d42636